000 00519nam a22001812 4500
001 0000007420
005 20151217160112.0
008 080204s xx 000 0 eng d
020 _a0752866095 :
_cKES 690
040 _aKABU
_cKABU
100 1 _aGoscinny,
_d1926-1977.
_@0000001694
245 1 0 _aAsterix and the banquet /
_cwritten by Rene Goscinny.
260 _aLondon :
_bOrion,
_c2004.
300 _a48 p.
908 _a080204
950 _@1
999 _c14282
_d14282